000 00649nam a22002177a 4500
003 OSt
005 20260130054707.0
008 260130b |||||||| |||| 00| 0 eng d
020 _a981-2595-84-8.
040 _aDWC-Main Lib.
_cOC.
082 _23rd ed.
_aCirc. 174.2 B964p 2005
100 _aBurnard, Philip
245 _aProfessional and ethical issues in nursing 3rd ed./
_cPhilip Burnard
260 _aSingapore :
_bElsevier,
_cc2005.
300 _aviii, 153 p. ;
_c21 cm.
504 _aIncludes index.
650 _aNursing ethics.
700 _aChapman, Christine
760 _b3rd ed.
942 _2ddc
_cBK-CIRC
_e3rd ed.
_hCirc.
_n0
999 _c8030
_d8030